000 00523nam a2200205Ia 4500
003 OSt
005 20220926044649.0
006 a|||||r|||| 00| 0
007 ta
008 220923b |||||||| |||| 00| 0 eng d
037 _cGeneral Book
040 _aRTL
_cRTL
_beng
041 _2eng
_aeng
082 _aB28: (X), K3;2
100 _aKarmez P h
_9349311
245 0 _aApplied statistics for economists
260 _c1963
942 _hB28: (X), K3;2
_cGB
_2CC
999 _c675490
_d675490